|
|
|
|
| LEADER |
00000nas a2200000 a 4500 |
| 001 |
ssj0001454066 |
| 003 |
WaSeSS |
| 005 |
20200512172242.0 |
| 006 |
m d |
| 007 |
cr n |
| 008 |
950225c19939999bl ar p s 0 0por |
| 010 |
|
|
|a sc 95020121
|z 94833698
|
| 022 |
|
|
|l 1414-5235
|y 1414-5235
|
| 035 |
|
|
|a (WaSeSS)ssj0001454066
|
| 040 |
|
|
|a DLC
|b eng
|c DLC
|d IXA
|d OCLCQ
|d OCLCO
|d OCLCF
|d OCLCO
|d CUS
|d AU@
|d OCLCO
|d CUS
|d STF
|d OCLCQ
|d CUS
|d WaSeSS
|
| 042 |
|
|
|a pcc
|
| 043 |
|
|
|a s-bl---
|
| 050 |
1 |
4 |
|a PQ9500
|b .A582
|
| 082 |
0 |
4 |
|a 869.909
|
| 210 |
0 |
|
|a Anu. Lit.
|b (Impr.)
|
| 222 |
|
0 |
|a Anuário de literatura
|b (Impresso)
|
| 245 |
0 |
0 |
|a Anuário de literatura
|h [electronic resource] :
|b publicação do Curso de Pós-Graduação em Letras, Literatura Brasileira e Teoria Literária.
|
| 260 |
|
|
|a Florianópolis, SC :
|b Universidade Federal de Santa Catarina,
|c 1993-
|
| 310 |
|
|
|a Annual
|
| 362 |
0 |
|
|a No. 1-
|
| 506 |
|
|
|a License restrictions may limit access.
|
| 650 |
|
0 |
|a Brazilian literature
|x History and criticism
|v Periodicals.
|
| 650 |
|
0 |
|a Literature
|x History and criticism
|v Periodicals.
|
| 650 |
|
7 |
|a Brazilian literature.
|2 fast
|0 (OCoLC)fst00838112
|
| 650 |
|
7 |
|a Literature.
|2 fast
|0 (OCoLC)fst00999953
|
| 655 |
|
0 |
|a Electronic journals.
|
| 710 |
2 |
|
|a Universidade Federal de Santa Catarina.
|b Curso de Pós-Graduação em Letras, Literatura Brasileira e Teoria Literária.
|
| 856 |
4 |
0 |
|z Full text available from Research Library: 01/01/1993 to present
|u https://search.proquest.com/publication/2034147
|